MARC

Tag First Indicator Second Indicator Subfields
LEADER 00000cam a2200000 a 4500
001 in00000894530
005 20151019155924.0
008 880425s1988 ne a b 10110 eng
010 |a  88015503  
020 |a 9024737338 
035 |a (OCoLC)17982762 
035 |9 AEK8148AM 
040 |a DLC  |c DLC  |d TXA  |d UtOrBLW 
049 |a TXAM  |c [A12993119] 
050 0 0 |a TK7874  |b .N334 1987 
082 0 |a 621.395  |2 19 
111 2 |a NATO Advanced Research Workshop on Emerging Technologies for In Situ Processing  |d (1987 :  |c Cargèse, France) 
245 1 0 |a Emerging technologies for in situ processing /  |c edited by Daniel J. Ehrlich and Van Tran Nguyen. 
264 1 |a Dordrecht ;  |a Boston :  |b M. Nijhoff ;  |c 1988. 
264 2 |a Norwell, MA, USA :  |b Distributors for the U.S. and Canada, Kluwer Academic Publishers, 
300 |a x, 290 pages :  |b illustrations ;  |c 25 cm. 
336 |a text  |b txt  |2 rdacontent 
337 |a unmediated  |b n  |2 rdamedia 
338 |a volume  |b nc  |2 rdacarrier 
490 1 |a NATO ASI series. Series E, Applied sciences ;  |v no. 139 
500 |a "Proceedings of the NATO Advanced Research Workshop on Emerging Technologies for In Situ Processing, Cargèse, France, May 4-8, 1987"--Title page verso. 
500 |a "Published in cooperation with NATO Scientific Affairs Division." 
504 |a Includes bibliographies and index. 
650 0 |a Integrated circuits  |x Very large scale integration  |x Design and construction  |v Congresses. 
700 1 |a Ehrlich, Daniel J. 
700 1 |a Nguyen, Van Tran. 
710 2 |a North Atlantic Treaty Organization.  |b Scientific Affairs Division. 
830 0 |a NATO ASI series.  |n Series E,  |p Applied sciences ;  |v no. 139. 
999 |a MARS 
999 f f |s df67c299-7f20-3d34-9670-aff454126eb5  |i a2fbd988-b702-38f2-b0e0-2c6e91f8d7ea  |t 0 
952 f f |p normal  |a Texas A&M University  |b College Station  |c Sterling C. Evans Library  |d Evans: Library Stacks  |t 0  |e TK7874 .N334 1987  |h Library of Congress classification  |i unmediated -- volume  |m A14812993119 
998 f f |a TK7874 .N334 1987  |t 0  |l Evans: Library Stacks